| 000 | 01086nam a2200313 i 4500 | ||
|---|---|---|---|
| 999 |
_c200444270 _d62482 |
||
| 001 | 200444270 | ||
| 003 | TR-AnTOB | ||
| 005 | 20220405141045.0 | ||
| 007 | ta | ||
| 008 | 211013s1989 tu 000 0 tur d | ||
| 040 |
_aTR-AnTOB _beng _erda _cTR-AnTOB |
||
| 041 | 0 | _atur | |
| 050 | 1 | 4 |
_aK4475 _b.U48 1989 |
| 090 |
_aTOBBK K4475 _b.U48 1989 |
||
| 245 | 0 | 0 |
_aUluslararası çifte vergilendirmeyi önleme anlaşmaları ve Türkiye uygulaması / _cTÜSİAD. |
| 264 | 1 |
_aİstanbul: _bTÜSİAD, _c1989. |
|
| 300 |
_a114 pages : _btables ; _c32 cm |
||
| 336 |
_atext _btxt _2rdacontent |
||
| 337 |
_aunmediated _bn _2rdamedia |
||
| 338 |
_avolume _bnc _2rdacarrier |
||
| 490 | 0 |
_aTürk Sanayicileri ve İş Adamları Derneği (Series) ; _vyayın no. TÜSİAD-T/89-3.126 |
|
| 504 | _aBIB | ||
| 650 | 7 |
_aÇifte vergilendirme _xAntlaşmalar _2etuturkob _9116651 |
|
| 650 | 7 |
_aÇifte vergilendirme _zTürkiye _2etuturkob _9116652 |
|
| 710 | 2 |
_aTürk Sanayicileri ve İş Adamları Derneği _918434 |
|
| 942 |
_2z _cBK |
||